| 000 | 00551nam a22001937a 4500 | ||
|---|---|---|---|
| 999 |
_c1775 _d1775 |
||
| 001 | 9668 | ||
| 003 | BD-DhUAP | ||
| 005 | 20200216125241.0 | ||
| 008 | 200216s1993 bg ||||| |||| 00| 0 eng d | ||
| 040 |
_aBD-DhUAP _bEng _cBD-DhUAP _dBD-DhUAP |
||
| 082 |
_223 _a347.5492052 EXP |
||
| 245 |
_aEx parte proceedings : _bwith upto date case laws. |
||
| 250 | _a1st ed. | ||
| 260 |
_aDhaka : _bEsrarul Huq chowdhury, _c1993. |
||
| 300 |
_axii, 315 pages ; _c25 cm. |
||
| 650 |
_aParties to actions _zBangladesh. |
||
| 710 | _aDhaka law report. | ||
| 942 |
_2ddc _cBK |
||